| 000 | 00739cam a2200193 a 4500 | ||
|---|---|---|---|
| 020 | _a1851663738 | ||
| 082 | 0 | 0 |
_a624.171 _bFIN _cL-20, P-182 |
| 100 |
_aJhon W Bull _942688 |
||
| 245 | 0 | 0 |
_aFinite element applications to thin-walled structures / _cedited by John W. Bull. |
| 260 |
_aLondon ; _aNew York : _bElsevier Applied Science ; _aNew York, NY, USA : _bSole distributor in the USA and Canada, Elsevier Science, _cc1990. |
||
| 300 |
_axii, 307 p. : _bill. ; _c23 cm. |
||
| 526 |
_a0 _b0 _c0 _d624_171000000000000_FIN |
||
| 650 | 0 |
_aFinite element method. _91938 |
|
| 650 | 0 |
_aMCE _9379 |
|
| 650 | 0 |
_aStructural analysis (Engineering) _9654 |
|
| 650 | 0 |
_aThin-walled structures. _942689 |
|
| 700 | 1 |
_aBull, John W. _942690 |
|
| 942 |
_2ddc _cBK |
||
| 999 |
_c546537 _d546537 |
||